Proceedings of the Indo-French conference on geometry / (Record no. 127506)

MARC details
000 -LEADER
fixed length control field 00649nam a22002177a 4500
005 - DATE AND TIME OF LATEST TRANSACTION
control field 20170124110026.0
010 ## - LIBRARY OF CONGRESS CONTROL NUMBER
LC control number A-708535
020 ## - INTERNATIONAL STANDARD BOOK NUMBER
Terms of availability 00.00
International Standard Book Number 8185931038
035 ## - SYSTEM CONTROL NUMBER
System control number A-708535
037 ## - SOURCE OF ACQUISITION
Source of stock number/acquisition Cen Lib/Ret
040 ## - CATALOGING SOURCE
Original cataloging agency DPL
Language of cataloging EN
082 ## - DEWEY DECIMAL CLASSIFICATION NUMBER
Classification number 516
Item number PRO
245 ## - TITLE STATEMENT
Title Proceedings of the Indo-French conference on geometry /
Statement of responsibility, etc edited by S.Ramanan
260 ## - PUBLICATION, DISTRIBUTION, ETC. (IMPRINT)
Name of publisher, distributor, etc Hindustan Book Agency
Place of publication, distribution, etc Delhi
Date of publication, distribution, etc 1993
270 ## - ADDRESS
Address 17, UB Jawahar Nagar
City Delhi
Postal code 110007
300 ## - PHYSICAL DESCRIPTION
Extent 232p.
Dimensions 20(Hb)
500 ## - GENERAL NOTE
General note Includes bibliographical references
650 ## - SUBJECT ADDED ENTRY--TOPICAL TERM
Topical term or geographic name as entry element Geometry.
9 (RLIN) 72455
700 ## - ADDED ENTRY--PERSONAL NAME
Personal name Ramanan, S.
9 (RLIN) 20684
942 ## - ADDED ENTRY ELEMENTS (KOHA)
Source of classification or shelving scheme Dewey Decimal Classification
Koha item type English Books
Classification part 516
Call number suffix PRO
Holdings
Withdrawn status Lost status Damaged status Not for loan Home library Current library Date acquired Source of acquisition Cost, normal purchase price Total Checkouts Full call number Barcode Date last seen Copy number Cost, replacement price Price effective from Koha item type
        Central Library Central Library 29/06/2015 Cen Lib/Ret 0.00   516 PRO A-708535 29/06/2015 1 0.00 29/06/2015 English Books

© Delhi Public Library
Hit Counter
free hit counter